| 000 | 00486cam a22001577a 4500 | ||
|---|---|---|---|
| 999 |
_c446952 _d446952 |
||
| 008 | 180718b2014 xxu||||| |||| 00| 0 eng d | ||
| 082 | _aAA G165 | ||
| 100 |
_aGarcia, Fernando Alberto _93767 |
||
| 245 |
_aHumanism in India : notes for a study of history _cby Fernando Alberto Garcia |
||
| 260 |
_aMumbai _bFoundation for Humanization _c2014 |
||
| 300 | _a288p. | ||
| 650 |
_aHumanism _93768 |
||
| 650 |
_aHumanism -- History _93769 |
||
| 650 |
_aHumanism -- India _93770 |
||
| 942 | _2ddc | ||